Регионална библиотека "Любен Каравелов" - Русе

Риболовът у българите (Запис номер 86973)

MARC детайли
000 -Лидер
Контролно поле с фиксирана дължина 01559nam a2200445 c 4500
003 - Код на организацията, давaща контролен номер
Контролно поле BLK
005 - Дата и час на последна редакция
Контролно поле 20250516102402.0
008 - Елементи от данни с фиксирана дължина
fixed length control field 180408b bul|||||r ||||||| ||bul||
010 ## - Наследен системен номер
LC control number KNG00091601000
040 ## - Източник на каталожния запис
Идентификатор на билиотеката - собственик на записа BLK
041 ## - Код за език
Код за езика на текст/звукозапис или на отделно заглавие Български
Код за езика КДБФ Български
072 #7 - Код за тематичната категория
Код организация bullib
Код за тематична категория К
Текст Краезнание
080 ## - УДК
Текстов определител УДК Риболов (вкл. и лов на други морски животни)
УДК код - определител по УДК 639.2
УДК определител (497.2)(091)
УДК - код + определител 639.2(497.2)(091)
080 ## - УДК
УДК код - определител по УДК 392/394
УДК определител (=867)
УДК - код + определител 392/394(=867)
100 1# - Редна дума - Автор
Автор Змеев, Рачо Николов
Дати, свързани с автора 1929–1994
Авторска отговорност първи автор
R(LIN) 70145
139 ## - Редно поле
Редна дума Змеев, Рачо Николов
Авторски знак Зм - З 78
245 10 - Сведения за заглавието
Заглавие Риболовът у българите
Подзаглавни данни Ист.-етногр. характеристика
Редно поле (дума) Рачо Николов Змеев.
257 ## - Страна на издаване
Страна на създаване/издаване България
260 ## - Област на издателските данни
Име на издателя, разпространителя и проч. Вселена
Година на издаване 1995
300 ## - Физическа характеристика
Страници 272 с.
Илюстрации и др. с ил.
Размери/Мащаб 20 см
380 ## - Жанр
Жанр Селско стопанство
500 ## - Общи забележки
Забележка Изд. на Ист. музей - Тутракан. - Библиогр. след отд. гл.
504 ## - Забележка за наличие на библиография и др
Забележка за наличие на библиография и под. след отд. гл.
650 #4 - Допълнително описание по предмет – тема
Основно описание – тема или топоним Риболов - България - история
9 (RLIN) 260378
651 #4 - Допълнително описание по предмет - топоним
Географско понятие България
9 (RLIN) 241624
653 ## - Ключова дума – ненормативна
Ключова дума риболов
653 ## - Ключова дума – ненормативна
Ключова дума история
653 ## - Ключова дума – ненормативна
Ключова дума обичаи
653 ## - Ключова дума – ненормативна
Ключова дума българи
659 ## - Тематичен бюлетин
Тематичен бюлетин К
852 ## - Местоположение
Форматна сигнатура Цб 245494
852 ## - Местоположение
Форматна сигнатура К 63/З-78 Р
856 4# - Електронен адрес и достъп
Електронен формат pdf - файл
856 4# - Електронен адрес и достъп
Електронен формат pdf - файл
999 ## - СИСТЕМНИ КОНТРОЛНИ НОМЕРА
Koha biblionumber 86973
Koha biblioitemnumber 86973
942 ## - АРТИКУЛИ
Вид на библиотечния материал Книги
Скрит в OPAC Не
Периодичен библиозапис Да
Koha issues (borrowed), all copies 3
944 ## - СЪЗДАВАНЕ И РЕДАКЦИЯ на ЗАПИСА
Създаване/Редакция Създаване
Дата на регистрацията/редакция 26.09.2009
Статус, дата на статуса Христина Везирева
Служител, извършил регистрацията/редакцията 30535
944 ## - СЪЗДАВАНЕ И РЕДАКЦИЯ на ЗАПИСА
Създаване/Редакция Редакция
Дата на регистрацията/редакция 12.08.2011
Статус, дата на статуса ф /
999 ## - СИСТЕМНИ КОНТРОЛНИ НОМЕРА
Koha biblioitemnumber 86973
999 ## - СИСТЕМНИ КОНТРОЛНИ НОМЕРА
Koha biblioitemnumber 86973
Наличности
Код за отписване Код за изгубен артикул Код за повреда Коз за рестрикции Код за отдаване Артикулен № Име на библиотеката - собственик Име на библиотеката, в която се намира в момента Статус (Текущо местоположение) Дата на вписване в системата Местоположение - отдел Цена в лева Инвентарен номер Систематично азбучна сигнатура Баркод Номер на екземпляра Цена в евро Служебна бележка Служебен тип на артикула Източник на класификационната схема
  Не е изгубен Не е повреден без рестрикции ползва се в читалня 140694 Регионална библиотека "Любен Каравелов" Русе Регионална библиотека "Любен Каравелов" Русе Хранилище 2009-09-25 Основен фонд - ползва се само за читалня 6.00 120000738434 Цб 245494 120000738434 1 3.07 Дост: DA Вид: А N: 12 Дата: 25.09.2009 Книги  
  Не е изгубен Не е повреден без рестрикции ползва се в читалня 140695 Регионална библиотека "Любен Каравелов" Русе Регионална библиотека "Любен Каравелов" Русе Краезнание 2009-09-25 Краезнание 6.00 120000738435 К 63/З-78 Р 120000738435 2 3.07 Дост: DA Вид: А N: 12 Дата: 25.09.2009 Дата инв: 10.11.2017 Бележки инв: К2017 Книги Universal Decimal Classification
Изтеглен Не е изгубен Не е повреден без рестрикции заемане за дома 140696 Регионална библиотека "Любен Каравелов" Русе Регионална библиотека "Любен Каравелов" Русе Заемна - подръчен фонд 2011-07-21 Заемна - подръчен фонд 6.00 120000752158 П 639.2/.3/З 78 120000752158 3 3.07 Дост: DA Вид: А N: 12 Дата: 21.07.2011 Книги Universal Decimal Classification
Vip Innovations Ltd, Rousse, Bulgaria 2025